| 000 | 00000nam##2200000za#4500 |
| 001 | 9.640077 |
| 003 | CaOODSP |
| 005 | 20250128101652 |
| 007 | cr ||||||||||| |
| 008 | 150407|2000||||xxc|||||o f|0| 0 fre|d |
| 040 | |aCaOODSP|bfre |
| 043 | |an-cn--- |
| 086 | 1 |aSF31-46/2000F-PDF |
| 110 | 1 |aCanada. |bBureau du Commissaire aux langues officielles. |
| 245 | 10|aCollaboration entre l'État et les communautés : |h[ressource électronique]|bnouvelles modalités pour la prestation de services |
| 260 | |aOttawa - Ontario : |bCommissariat aux langues officielles |cc2000. |
| 300 | |a52p.|bfigures, références |
| 500 | |aLe nº de catalogue (SF31-46/2000) et l'ISBN (0-662-64972-9) de l'édition imprimée bilingue ont été incorrectement copiés dans cette édition électronique. |
| 590 | |a12-16-Supp|b2012-04-17 |
| 691 | 07|aMinorité linguistique|2gcpds |
| 691 | 07|aLangue officielle|2gcpds |
| 691 | 07|aServices gouvernementaux|2gcpds |
| 775 | 08|tCooperation between the government and the communities : |w(CaOODSP)9.695959 |
| 776 | 0#|tCooperation between the government and the communities : |w(CaOODSP)9.661851 |
| 776 | 0#|tCollaboration entre l'État et les communautés : |w(CaOODSP)9.661852 |
| 856 | 40|ahttp://publications.gc.ca|qPDF|s321 Ko|uhttps://publications.gc.ca/collections/Collection/SF31-46-2000F.pdf |